000 02943nam a22008177a 4500
003 OSt
005 20230412135810.0
008 221006b |||||||| |||| 00| 0 eng d
040 _cBiblioteca Lado V
082 _a700
_bK41a
100 _9797
_aKerraoul, Jean Pierre de
_eeditor
_edirector
245 _aArtpress/
_bArt et Mode attirance et divergence/
260 _bCourt Gallerie
_c1997
_aParis
300 _c21x28cm
_a178p.
366 _eeng
490 _a18
_v97
_v1997
_x0004 3273
505 _tart et mode: union ou simple flirt?
505 _tRei Kawakubo
505 _tAgnes B.
505 _tWalter van Beirendonck
505 _tmatiere a risque
505 _tGotscho
505 _tvierges et mannequins de Inez van Lamsweerde et vinoodh Matadin
505 _tla tardition artistique de la maison nina ricci
505 _tceci est un catalogue de vente par correspondance
505 _tla mode au film du temps
505 _tart a la mode
505 _tmobilis in mobile
505 _tcultures de martin margiela
505 _tJean-Charles de Castelbajac
505 _tarchitecture l'espace entre le corps et le tissu
505 _tDaniele Buetti
505 _tDominique fabregues
505 _tlucy orta
505 _tle cahier Matieres
505 _tlivre (ou non) au regard
505 _tC'est la silhouette qui compte!
505 _tpresence de l'androgyne
505 _tOdile Decq
505 _tDodie Rosekrans
505 _tle desir de robe
505 _tMajida Khattari
505 _tLivre (ou non) Au Temps
505 _tla beaute qui passe
505 _tIssey Miyake
505 _tvetements de la vie quotidienne dans les avant-gardes artistiques europeennes
505 _tAlain Bublex
505 _tconjuguer musee et air du temps
505 _tmusee de la mode: quiestion de definitions
505 _tRoland Barthes et la Mode
505 _tDe part et d'autre et de bas en Haut
505 _tCreateurs
505 _tla recup ou le vetement ressucite
505 _tvetement et/ou object
505 _tphotographie et mode 90 les annes critiques
505 _testhetique du sursis
505 _tconfusion, Inc. du pop a i'art et de l'art au pop
505 _tcorporealites
505 _tdressing up, dressing down
505 _tbibliographie et guide des musees
650 _2Tesauro de Arte & Arquitectura
_aARTE
_9703
650 _2Tesauro de Arte & Arquitectura
_aEXPOSICIONES
650 _2Tesauro de Arte & Arquitectura
_aBIENAL
650 _2Tesauro de Arte & Arquitectura
_aAPRECIACION
650 _2Tesauro de Arte & Arquitectura
_aTEORIA
650 _2Tesauro de Arte & Arquitectura
_aCRITICA
650 _2Tesauro de Arte & Arquitectura
_aFOTOGRAFIA
_9702
650 _2Tesauro de Arte & Arquitectura
_aLITERATURA
650 _2Tesauro de Arte & Arquitectura
_aPARIS
942 _2ddc
_c1
_h700
_iK41a
_n0
999 _c3336
_d3336